Statistiques concernant Les insectes dans les films

Cliquez ici pour prendre le quiz!

Statistiques générales

  • Ce quiz a été pris 79 fois
  • Le résultat moyen est 7 sur 16

Statistiques - réponses

Réponse% Correct
Ant-Man
85%
Harry Potter et le Prince de Sang Mêlé
78%
1001 pattes
69%
Star Wars : L'Attaque des Clones
69%
Le Seigneur des Anneaux : Le Retour du Roi
64%
La Mouche
61%
Fourmiz
55%
Bee movie, drôle d'abeille
53%
Jumanji
47%
Maman j'ai râté l'avion
39%
Astérix et Obélix contre César
23%
Mandibules
16%
Lucas, fourmi malgré lui
8%
Arac Attack, les monstres à huit pattes
7%
Tarantula
3%
La Nuée
1%

Distribution des résultats

Percentile par nombre de réponses

% des personnes avec chaque résultat

Votre développement - résultats

Vous n’avez pas pris ce quiz